000 00585nam a2200193Ia 4500
001 22802
003 GE_BSU
008 181216s||||||||xx |||||||||||||| ||und||
040 _cGE_BSU
245 _aАграрная наука №5. 2018
245 _bНаучно-теоретический и производственный журнал
245 _cГл. ред. Б.В. Виолин
260 _aМосква
260 _c2018
300 _a68 стр. 28 см.
653 _aАграрная наука №5. 2018
653 _aპერიოდიკა
942 _cCR
999 _c55707
_d55707